00389pab a2200121 454500008004000000100002200040245012300062260000900185300001300194362000800207650001800215773003400233180718b2000 xxu||||| |||| 00| 0 eng d aOlivera, Fernando aMemory systems in organizations: an empirical investigation of mechanisms for knowledge collection, storage and access c2000 ap.811-32 aSep aOrganizations aJournal of Management Studies